000 00430 a2200181 4500
260 _aParis
260 _bMasson et Cie
245 _aMédecine: enseignement des centres hospitalo-universitaires
100 _aObraska, P.
700 _aPerlemuter, L.
700 _aQuevauvilliers, J.
260 _c1973
300 _a341 p.
035 _a9145
999 _c18657
_d18657